01337nac a22003251u 4500010001700000020003500017020001800052035002300070082001600093090001500109100003400124245012200158250001200280260003600292300003200328500002700360504006000387511002800447650001900475650001500494650001900509700002600528700003100554856009100585856009200676856010600768942001800874999001500892952010400907 a 2005001372 a0471449423 (cloth : alk paper) a9780471449423 a(OCoLC)ocm5755770300a620.23bVER c8430d8430 aVer, Istvan L. [ed.] 00aNoise and vibration control engineering :bprinciples and applications /cedited by Istvan L. Ver and Leo L. Beranek. a2nd ed. aHoboken, N.J. :bWiley,cc2006. ax, 966 p. :bill. ;c25 cm. aDistributer: Al-Ahram. aIncludes bibliographical references (p. 933) and index. aCatalogued By: Mahitab. 0aNoise control. 0aVibration. 0aSoundproofing.1 aVer, Istvan L.d1934-1 aBeranek, Leo Leroy,d1914-423Publisher descriptionuhttp://www.loc.gov/catdir/enhancements/fy0645/2005001372-d.html423Table of contents onlyuhttp://www.loc.gov/catdir/enhancements/fy0645/2005001372-t.html423Contributor biographical informationuhttp://www.loc.gov/catdir/enhancements/fy0653/2005001372-b.html cBBk620.23VER c8430d8430 00104070aMAINbMAINc1STd2008-03-09ePurchasel0o620.23VERp000010257r2025-07-15 00:00:00yBB